Normal view
MARC view
- Magno,Edo O.
Entry Personal Name
001 - CONTROL NUMBER
- control field: 40963
003 - CONTROL NUMBER IDENTIFIER
- control field: OSt
005 - DATE AND TIME OF LATEST TRANSACTION
- control field: 20191211141127.0
008 - FIXED-LENGTH DATA ELEMENTS
- fixed length control field: 191211|| aca||aabn | a|a d
040 ## - CATALOGING SOURCE
- Original cataloging agency: OSt
- Transcribing agency: OSt
100 ## - HEADING--PERSONAL NAME
- Personal name: Magno,Edo O.
670 ## - SOURCE DATA FOUND
- Source citation: Work cat.: (OSt): Navares, Donna Regina M. 40959, Assessment of Canteen Practices:, July 2019
